Statistics for Where are you most likely to see Sasquatch?

Click here to take the quiz!

General Stats

  • This quiz has been taken 21 times
  • The average score is 6 of 10

Answer Stats

HintAnswer% Correct
445California
100%
676Washington
100%
254Oregon
94%
328Florida
65%
220Michigan
59%
302Ohio
59%
246Texas
53%
132Georgia
47%
296Illinois
41%
154Missouri
29%

Score Distribution

Percentile by Number Answered

Percent of People with Each Score

Your Score History

You have not taken this quiz